Größte Metropolregionen der Welt - Statistiken

Allgemein
  • Dieses Quiz wurde 120 mal gespielt
  • Das Durchschnittsergebnis liegt bei 56 aus 109
Antwortstatistiken
Bevölkerung Staat Metropolregion % Korrekt
21.2 Mio China Peking
95%
41.0 Mio Japan Tokio
95%
22.5 Mio Ägypten Kairo
93%
19.1 Mio Russland Moskau
93%
40.8 Mio China Shanghai
93%
21.2 Mio Thailand Bangkok
92%
25.1 Mio Mexiko Mexiko-Stadt
92%
15.9 Mio Türkei Istanbul
90%
29.2 Mio Indonesien Jakarta
90%
14.9 Mio Vereinigtes Königreich London
90%
12.5 Mio Brasilien Rio de Janeiro
90%
17.2 Mio USA Los Angeles
89%
25.1 Mio Südkorea Seoul
88%
22.0 Mio USA New York City
87%
27.1 Mio Indien Mumbai
86%
11.5 Mio Frankreich Paris
86%
16.5 Mio Iran Teheran
86%
16.7 Mio Argentinien Buenos Aires
83%
27.2 Mio Philippinen Manila
83%
22.1 Mio Brasilien São Paulo
83%
6.50 Mio Russland Sankt Petersburg
82%
9.65 Mio USA Chicago
81%
6.65 Mio Spanien Madrid
81%
7.85 Mio Singapur Singapur
81%
34.6 Mio Indien Delhi
78%
7.15 Mio Vietnam Hanoi
76%
14.6 Mio Südafrika Johannesburg
76%
20.7 Mio Nigeria Lagos
76%
11.8 Mio Peru Lima
76%
22.5 Mio Bangladesch Dhaka
75%
10.4 Mio Kolumbien Bogotá
72%
7.70 Mio Kanada Toronto
72%
5.15 Mio Türkei Ankara
71%
7.65 Mio USA Dallas
71%
5.95 Mio VAE Dubai
71%
70.1 Mio China Guăngzhōu
71%
9.95 Mio Taiwan Taipeh
69%
7.05 Mio USA Houston
67%
15.6 Mio Kongo (Dem. Rep.) Kinshasa
67%
9.30 Mio Malaysia Kuala Lumpur
67%
7.45 Mio USA San Francisco
67%
8.55 Mio USA Washington
67%
7.65 Mio Irak Bagdad
66%
6.10 Mio Italien Mailand
66%
7.50 Mio Saudi-Arabien Riad
66%
5.65 Mio Deutschland Ruhrgebiet
66%
5.05 Mio Afghanistan Kabul
64%
5.00 Mio Australien Melbourne
64%
8.25 Mio Chile Santiago
63%
7.25 Mio China Hongkong
61%
5.00 Mio Deutschland Köln / Düsseldorf
61%
6.30 Mio USA Miami
61%
13.9 Mio Vietnam Ho-Chi-Minh-Stadt
59%
9.35 Mio Angola Luanda
59%
17.7 Mio Japan Osaka
59%
17.7 Mio Indien Kalkutta
57%
6.20 Mio Ägypten Alexandria
55%
6.70 Mio Kenia Nairobi
55%
6.60 Mio Ghana Accra
53%
20.9 Mio Pakistan Karatschi
53%
6.00 Mio Jordanien Amman
51%
12.2 Mio China Wuhan
51%
5.75 Mio USA Detroit
48%
6.10 Mio USA Atlanta
47%
7.70 Mio USA Boston
47%
7.05 Mio Sudan Khartum
43%
14.5 Mio Pakistan Lāhore
43%
7.50 Mio USA Philadelphia
41%
12.8 Mio China Xī'ān
41%
6.25 Mio Tansania Daressalam
40%
5.45 Mio Mali Bamako
39%
12.6 Mio Indien Chennai
34%
5.85 Mio Mexiko Guadalajara
34%
10.5 Mio Japan Nagoya
33%
6.80 Mio Elfenbeinküste Abidjan
28%
9.60 Mio Indien Ahmedabad
28%
11.4 Mio Indien Hyderābād
28%
14.9 Mio China Xiamen
28%
6.95 Mio Indonesien Bandung
27%
17.3 Mio China Chengdu
27%
11.5 Mio China Tiānjīn
25%
6.00 Mio Mexiko Monterrey
24%
10.9 Mio China Chongqing
20%
7.75 Mio Indien Pune
20%
5.00 Mio Bangladesh Chittagong
19%
5.90 Mio Indonesien Surabaya
19%
6.15 Mio Myanmar Yangon
19%
14.2 Mio Indien Bangaluru
18%
9.30 Mio China Nánjīng
17%
5.20 Mio Nigeria Kano
16%
7.45 Mio China Qīngdăo
13%
8.70 Mio China Shenyang
13%
7.75 Mio Indien Surat
12%
5.45 Mio China Harbin
11%
6.50 Mio China Kunming
11%
13.9 Mio China Hangzhou
10%
8.00 Mio China Shantou
7%
11.0 Mio China Changsha
6%
6.55 Mio China Jinan
6%
5.05 Mio China Changchun
5%
7.80 Mio China Hefei
5%
5.30 Mio China Nanning
5%
5.10 Mio China Wenzhou
5%
9.80 Mio China Zhengzhou
5%
7.30 Mio China Ningbo
4%
5.95 Mio China Taiyüan
1%
5.30 Mio China Dairen
0%
5.05 Mio China Guiyang
0%
6.20 Mio China Shijiazhuang
0%
Keine übereinstimmenden Quizze gefunden
Verteilung der Resultate
Anzahl Personen mit jedem Resultat
Perzentil nach korrekt beantworteten Fragen
Ihre Resultats-Entwicklung
Sie haben dieses Quiz noch nicht gespielt